00943nam a2200229 a 450000100100000000500170001000800410002702000150006804000250008304100380010808200150014610000190016124000780018024501400025826000380039830000260043649000420046250000420050453401020054670000230064883000420067100002646220200930030233.0110318s1986 ag a r 000 0 spa d a9684093632 aDO-SdBNPbspacBNPHU17aspaheng2Código de idioma MARC axxxbG778e1 aGray, Colin S.10aStrategic studies and public policy, the American experience.lEspañol.10aEstudios sobre estrategia :bla experiencia de EUA en un mundo amenazado por la guerra /cColin S. Gray ; traducción de Ela Gedovius. aMéxico, D. F. :bEDAMEX,c1986. a231, [5] p. ;c20 cm.1 aLos libros hacen libres a los hombres aIncluye notas al pie de las páginas aTítulo del original en inglés:tStrategic studies and public policy, the American experience.1 aGedovius, Elaetr. 0aLos libros hacen libres a los hombres